00554nam a2200157Ia 45000010006000000050017000060080041000230410008000640820015000721000032000872450224001192600009003433000028003526500008003806540008003882430620260414151034.0260414t2012||||xx |||||||||||||| ||spa|| aESP a345.2bS17 aSalinas Mendoza, DiegoeAUT 0aEl plazo razonable del proceso en la jurisprudencia contemporánea :bCorte Suprema de los Estados Unidos, Tribunal Europeo de Derechos Humanos, Corte Interamericana de Derechos Humanos, Tribunal Constitucional peruano c2012 a265 páginas :c20 cm. aDER aCDE